Quiz Cultura Generale Pro #1 - Statistics

Statistiche generali
  • Questo quiz è stato fatto 90 volte
  • Il punteggio medio è 7 su 15
Statistiche sulle risposte
Domanda Risposta % Corretto
L’unico continente attraversato da tutti i meridiani Antartide
81%
Quale gas è più abbondante nell’atmosfera terrestre? Azoto
77%
In quale stato moderno si trovava l’antica Mesopotamia? Iraq
76%
Pianeta con il giorno più lungo del Sistema Solare Venere
75%
L’unico paese africano completamente circondato da un altro paese (non due) Lesotho
72%
Quale evento storico segna convenzionalmente la fine del Medioevo? Scoperta dell'America (1492)
71%
L’unità di misura della resistenza elettrica Ohm
53%
L’unico mammifero capace di volo attivo Pipistrello
48%
Quale metallo era noto agli antichi come “di Cipro”? Rame
39%
Elemento chimico che ha il numero atomico più alto presente in natura (non sintetico) Uranio
32%
Lingua indoeuropea non appartenente al ramo italico, germanico o slavo Greco
20%
Mare con la maggiore profondità massima Mar dei Caraibi
4%
Quale organo umano non riceve direttamente sangue ossigenato? Cornea
3%
Capitale dell’Impero Persiano sotto Dario I Susa
3%
In quale secolo viveva Omero? VIII secolo A.C.
3%
Nessun quiz corrispondente trovato
Distribuzione punteggi
Percentuale di utenti per punteggio
Percentile per numero di risposta
I tuoi punteggi nel tempo
Non hai fatto questo quiz